| 000 | 00000nam##2200000za#4500 |
| 001 | 9.663776 |
| 003 | CaOODSP |
| 005 | 20210615121219 |
| 007 | ta |
| 008 | 150407|2002||||xxc||||| f|0| 0 fre|d |
| 020 | |a0-662-66598-8 |
| 040 | |aCaOODSP|bfre |
| 041 | |aeng |
| 041 | |afre |
| 043 | |an-cn--- |
| 086 | 1 |aFA3-35/2002 |
| 110 | 1 |aCanada. |bBureau du vérificateur général. |
| 245 | 10|aRapport au ministre des Travaux publics et des Services gouvernementaux sur trois contrats attribués à Groupaction |
| 260 | |aOttawa - Ontario : |bBureau du vérificateur général du Canada |c2002. |
| 300 | |aTexte français, v, 18p. ; |c28 cm. |
| 520 | 3 |aCe rapport d’intérêt public porte sur les vérifications financières de trois contrats attribués par le gouvernement fédéral à Groupaction, une agence de communication de Montréal, pour la prestation de services en vue d’accroître la visibilité du gouvernement du Canada. Il met l’accent sur les agissements des fonctionnaires, plutôt que sur l’entrepreneur, et renferme des conclusions sur leurs actions par rapport aux lois, règlements, politiques et règles visant à garantir la prudence et la probité dans la gestion des contrats gouvernementaux. |
| 563 | |aReliure à anneaux |
| 590 | |a02-35|b2002-08-23 |
| 691 | 07|aCommunications gouvernementales|2gcpds |
| 691 | 07|aContrat du gouvernement fédéral|2gcpds |
| 691 | 07|aGestion financière|2gcpds |
| 691 | 07|aVérification|2gcpds |
| 776 | 0#|tRapport au ministre des Travaux publics et des Services gouvernementaux sur trois contrats attribués à Groupaction |w(CaOODSP)9.640059 |
| 776 | 0#|tReport to the Minister of Public Works and Government Services on three contracts awarded to Groupaction |w(CaOODSP)9.695939 |
| 791 | |tReport to the Minister of Public Works and Government Services on three contracts awarded to Groupaction |eeng|w(CaOODSP)9.663775 |